000 01141cab a2200253 4500
001 ABS54521
008 090401t1996 xxu||||| |||| 00| 0 eng d
035 _a(Sirsi) u10947
041 _aeng
245 2 _aA and T F Bennett v North West Water
260 _c1996
350 _a0
490 _aRating & Valuation Reporter
_v(1996) RVR 36(2), 30-35
520 _aLT 14 August 1995. B claimed compensation for depreciation of freehold value after N laid a larger sewer to replace an existing one. B`s claim was based on a reduced offer on purchase of the land by a developer after they realised `disruption and loss of plots caused by the drainage scheme through the site`, and that a further area of the land was undevelopable. "Held" claim dismissed as B failed to establish depreciation in value of their interest due to the new sewer.
650 _aA AND T F BENNETT V NORTH WEST WATER
650 _aCOMPENSATION
650 _aDEPRECIATION
650 _aFREEHOLD INTEREST
650 _aSEWERS
650 _aWATER ACT 1989 S153
690 _aCOMPULSORY PURCHASE AND COMPENSATION-CASE LAW
942 _n0
948 _c04/03/1997
999 _c6973
_d6973